| 000 | 00665cam a2200241u 4500 | ||
|---|---|---|---|
| 001 | 1116 | ||
| 003 | BD-RjUL | ||
| 005 | 20211208233258.0 | ||
| 008 | 131124s1954 nyua 000 0 eng | ||
| 035 | _a(BD-RjUL)1138 | ||
| 040 |
_aDLC _cCarP _dDLC _d(BD-RjUL) _beng |
||
| 041 | _aeng | ||
| 082 | 0 | 4 |
_222 _a146.4 _bPHI 1954 |
| 245 | 1 | 0 | _aPhilosophy and analysis / |
| 260 |
_aNew York : _bPhilosophical Library, _c1954. |
||
| 300 |
_aviii, 296 p. _bdiagr. ; _c22 cm. |
||
| 650 | 0 |
_aAnalysis (Philosophy) _9282 |
|
| 650 | 0 |
_aSemantics (Philosophy) _93292 |
|
| 700 | 1 |
_aMacdonald, Margaret, _eed. _93293 |
|
| 942 |
_2ddc _cBK |
||
| 999 |
_c1116 _d1116 |
||